| 000 | 01486cam a22003494a 4500 | ||
|---|---|---|---|
| 999 |
_c342318 _d342318 |
||
| 001 | 15412052 | ||
| 003 | NUST | ||
| 005 | 20171218104858.0 | ||
| 008 | 080814s2008 nyua 001 0 eng c | ||
| 010 | _a 2008298739 | ||
| 020 | _a0071485635 | ||
| 020 | _a9780071485630 | ||
| 035 | _a(OCoLC)ocn153581813 | ||
| 040 |
_aYDXCP _cYDXCP _dBTCTA _dBAKER _dWIQ _dTXA _dUMC _dIXA _dVRC _dDLC |
||
| 042 | _apcc | ||
| 050 | 0 | 0 |
_aTH7413 _b.G48 2008 |
| 082 | 0 | 0 |
_a720.472 GEV _222 |
| 100 | 1 |
_aGevorkian, Peter. _97417 |
|
| 245 | 1 | 0 |
_aSolar power in building design : _bthe engineer's complete design resource / _cPeter Gevorkian. |
| 260 |
_aNew York : _bMcGraw-Hill, _cc2008. |
||
| 300 |
_axxvii, 476 p. : _bill. ; _c24 cm. |
||
| 490 | 0 | _aA greensource book | |
| 500 | _aIncludes index. | ||
| 501 | _aH.B | ||
| 650 | 0 |
_aSolar buildings _xDesign and construction. _97418 |
|
| 650 | 0 |
_aArchitecture and solar radiation. _97419 |
|
| 650 | 0 |
_aArchitecture and energy conservation. _97420 |
|
| 856 | 4 | 2 |
_3Contributor biographical information _uhttp://www.loc.gov/catdir/enhancements/fy0902/2008298739-b.html |
| 856 | 4 | 2 |
_3Publisher description _uhttp://www.loc.gov/catdir/enhancements/fy0902/2008298739-d.html |
| 856 | 4 | 1 |
_3Table of contents only _uhttp://www.loc.gov/catdir/enhancements/fy0902/2008298739-t.html |
| 906 |
_a7 _bcbc _cpccadap _d2 _encip _f20 _gy-gencatlg |
||
| 942 |
_2ddc _cBK _kIESE |
||